| 000 | 00523nam a2200181Ia 4500 | ||
|---|---|---|---|
| 008 | 240925s9999 xx 000 0 und d | ||
| 020 | _a8123904053 | ||
| 082 | _a604.2 CBS | ||
| 100 | _aCB S , Publishers | ||
| 245 | 0 | _aProblems & Solutions in Elementary Engineering Drawing: plane and solid geometry | |
| 250 | _a1st | ||
| 260 |
_aNew Delhi: _bCBS Publication _c,1995. |
||
| 300 |
_axxlx,1139p. _bN.A _fOriginal |
||
| 500 | _aIncludes Index | ||
| 600 | _aElectrical Engineering | ||
| 650 | _aTechnology | ||
| 942 | _cBK | ||
| 999 |
_c11210 _d11210 |
||